[Event "?"]
[Site "?"]
[Date "2011.08.12"]
[Round "1.25"]
[White "Armbrust, Matthias"]
[Black "Torres, Roberto"]
[Result "1-0"]
[WhiteElo "1768"]
[BlackElo "1635"]
[PlyCount "85"]
[EventDate "2011.??.??"]
[WhiteTeam "SC Lerchenberg/ZMO"]
[BlackTeam "Satranc Club 2000"]

1. e4 e6 2. d4 d5 3. Nd2 dxe4 4. Nxe4 Nd7 5. Bd3 Ngf6 6. Nf3 Nxe4 7. Bxe4 Nf6
8. Bd3 Bd6 9. O-O O-O 10. Bg5 h6 11. Bh4 Be7 12. c3 Nd7 13. Bg3 Bd6 14. Bc2 Re8
15. Qd3 f5 16. Rae1 Nf8 17. Ne5 Bxe5 18. Bxe5 Ng6 19. Bb3 b6 20. Qxf5 Qg5 21.
Qxg5 hxg5 22. Bxc7 Ba6 23. Rxe6 Rxe6 24. Bxe6+ Kh7 25. Re1 Nf4 26. Bxf4 gxf4
27. d5 Kh6 28. d6 Rd8 29. d7 Bb5 30. Rd1 Be2 31. Re1 Bb5 32. Bg4 Kg5 33. h3 Kf6
34. c4 Bxd7 35. Rd1 Ke7 36. Rxd7+ Rxd7 37. Bxd7 Kxd7 38. Kf1 Ke6 39. Ke2 Ke5
40. Kd3 g5 41. g3 a5 42. b3 Kd6 43. gxf4 1-0

[Event "?"]
[Site "?"]
[Date "2011.08.12"]
[Round "1.26"]
[White "Ringeltaube, Denny"]
[Black "de Vivie, Achim"]
[Result "1-0"]
[WhiteElo "1633"]
[BlackElo "1768"]
[PlyCount "79"]
[EventDate "2011.??.??"]
[WhiteTeam "Klub Kölner SF e.V. 1"]
[BlackTeam "SF Köln-Longerich 195"]

1. d4 d5 2. Nf3 Nf6 3. Bg5 e6 4. e3 Be7 5. Nbd2 h6 6. Bh4 O-O 7. Bd3 Nbd7 8.
O-O c5 9. c3 c4 10. Bb1 Nh5 11. Bxe7 Qxe7 12. Ne5 Nhf6 13. f4 b5 14. a3 Bb7 15.
Rf3 Ne4 16. Rh3 Nxe5 17. fxe5 f5 18. Bxe4 fxe4 19. Qg4 Rf5 20. Rxh6 Raf8 21.
Rf1 Bc8 22. Rxf5 Rxf5 23. Rh5 Bd7 24. Nf1 Qf7 25. Rxf5 exf5 26. Qg5 a5 27. Ng3
Kf8 28. Nh5 a4 29. Nf4 Qe8 30. Nxd5 Qf7 31. Nf4 Ke8 32. h4 Qe7 33. Qg6+ Kd8 34.
Qh5 Kc8 35. Nd5 Qf8 36. Qg6 f4 37. Qb6 Qd8 38. Qxd8+ Kxd8 39. exf4 Bf5 40. Ne3
1-0

[Event "?"]
[Site "?"]
[Date "2011.08.12"]
[Round "1.27"]
[White "Lessing, Sebastian"]
[Black "Grasse, Herbert"]
[Result "1-0"]
[WhiteElo "1767"]
[BlackElo "1632"]
[PlyCount "69"]
[EventDate "2011.??.??"]
[WhiteTeam "SG Porz e.V."]
[BlackTeam "SV Kamen 1930"]

1. Nc3 c5 2. e4 e6 3. Nf3 Nc6 4. d4 cxd4 5. Nxd4 Bc5 6. Nb3 Bb6 7. Bb5 Nge7 8.
Bg5 f6 9. Bh4 O-O 10. Qe2 a6 11. Bd3 Qe8 12. O-O-O f5 13. f3 Ng6 14. Bg3 f4 15.
Bf2 Bxf2 16. Qxf2 Nge5 17. Be2 b5 18. g4 fxg3 19. hxg3 Qg6 20. Nd2 Bb7 21. f4
Ng4 22. Bxg4 Qxg4 23. Rh4 Qg6 24. Nf3 Rfd8 25. Rd6 Qf7 26. Ng5 Qf8 27. Qd2 h6
28. Nh3 Qe7 29. e5 Na5 30. b3 b4 31. Na4 Nc6 32. Nb6 Rab8 33. Nxd7 Rdc8 34.
Nxb8 Rxb8 35. Qd3 1-0

[Event "?"]
[Site "?"]
[Date "2011.08.12"]
[Round "1.28"]
[White "Jürgens, Oliver"]
[Black "Lantsman, Boris"]
[Result "1/2-1/2"]
[WhiteElo "1606"]
[BlackElo "1763"]
[PlyCount "113"]
[EventDate "2011.??.??"]
[WhiteTeam "SGrupp Rochade Disteln 199"]
[BlackTeam "SF Köln-Longerich 195"]

1. d4 e6 2. c4 Nf6 3. Nc3 Bb4 4. Bd2 b6 5. Nf3 Bb7 6. e3 O-O 7. Bd3 d5 8. a3
Bxc3 9. Bxc3 Nbd7 10. O-O Re8 11. cxd5 exd5 12. Re1 Ne4 13. Qc2 Rc8 14. Nd2
Ndf6 15. b4 Nxc3 16. Qxc3 g6 17. Rac1 Qd6 18. h3 Re7 19. Qb3 c5 20. bxc5 bxc5
21. dxc5 Rxc5 22. Qb4 Rc6 23. Qxd6 Rxd6 24. Nf3 Ba6 25. Red1 Rb6 26. Bxa6 Rxa6
27. Rd3 Kg7 28. Nd4 Re4 29. Rc7 Kf8 30. Rb3 Re7 31. Rxe7 Kxe7 32. Rb7+ Kf8 33.
Nb5 Rb6 34. Rxb6 axb6 35. Nc3 Ke7 36. Kf1 Kd6 37. Ke2 Kc5 38. Kd3 b5 39. g4 Nd7
40. f4 f5 41. Ne2 fxg4 42. hxg4 h6 43. Nd4 Nf8 44. f5 g5 45. e4 Nd7 46. Nf3
dxe4+ 47. Kxe4 Nf6+ 48. Ke5 Nxg4+ 49. Ke6 Kc6 50. Nh2 h5 51. f6 Nh6 52. f7 Nxf7
53. Kxf7 g4 54. Kg6 g3 55. Nf3 Kd5 56. Kxh5 Ke4 57. Kg4 1/2-1/2

[Event "?"]
[Site "?"]
[Date "2011.08.12"]
[Round "1.29"]
[White "Andrijenko, Anatoliy"]
[Black "Runte, Dirk"]
[Result "1-0"]
[WhiteElo "1742"]
[BlackElo "1593"]
[PlyCount "143"]
[EventDate "2011.??.??"]
[WhiteTeam "SF Köln-Longerich 195"]
[BlackTeam "SV Fideler Bauer Lever"]

1. e4 c5 2. Nf3 Nc6 3. d4 cxd4 4. Nxd4 Nf6 5. Nc3 g6 6. Bc4 Bg7 7. Nxc6 bxc6 8.
O-O O-O 9. Be3 Bb7 10. f3 d5 11. exd5 cxd5 12. Bb3 Qc7 13. Qe2 a6 14. Qf2 e5
15. Bb6 Qd7 16. Bc5 Rfe8 17. Rad1 d4 18. Ne4 Bxe4 19. fxe4 Nxe4 20. Qxf7+ Qxf7
21. Bxf7+ Kh8 22. Bxe8 Nxc5 23. Bc6 Rc8 24. Bd5 e4 25. b4 e3 26. bxc5 e2 27. c6
Bh6 28. g3 Be3+ 29. Kg2 exd1=Q 30. Rxd1 Kg7 31. Rf1 Rc7 32. Rb1 Bd2 33. Kf3 Kf6
34. Rb7 Ba5 35. Ke4 Re7+ 36. Kxd4 Rxb7 37. cxb7 Bb6+ 38. Kc4 Ba7 39. Kb4 Ke5
40. Bg2 Kd6 41. Ka5 Kc7 42. Kxa6 Bg1 43. h3 Bf2 44. g4 g5 45. Kb5 h6 46. Kc4
Bg3 47. Kd5 Kxb7 48. Ke6+ Kc7 49. Kf5 Kd6 50. Kg6 Kc5 51. Kxh6 Bf4 52. a4 Kb6
53. Kg6 Bd2 54. Kh5 Kc5 55. h4 gxh4 56. Kxh4 Kd6 57. Kh5 Ke7 58. Kg6 Kf8 59.
Bd5 Bc3 60. Kf5 Ke7 61. g5 Kf8 62. Ke6 Kg7 63. Be4 Bd2 64. g6 Bc3 65. Kd5 Kf6
66. Kc4 Ba5 67. Kb5 Bc7 68. c4 Kg7 69. c5 Bb8 70. a5 Ba7 71. c6 Bb8 72. Kb6 1-0

[Event "?"]
[Site "?"]
[Date "2011.08.12"]
[Round "1.30"]
[White "Plitt, Stefan"]
[Black "Vaskovitch, Mark"]
[Result "1-0"]
[WhiteElo "1592"]
[BlackElo "1738"]
[PlyCount "93"]
[EventDate "2011.??.??"]
[WhiteTeam "SF Köln-Mülheim e.V."]
[BlackTeam "SF Köln-Longerich 195"]

1. c4 Nf6 2. Nc3 e6 3. d4 d5 4. Bg5 Be7 5. Nf3 h6 6. Bh4 c6 7. e3 dxc4 8. Bxc4
Nd5 9. Bxe7 Qxe7 10. e4 Nc7 11. Rc1 Nd7 12. O-O e5 13. d5 Qb4 14. dxc6 bxc6 15.
Qa4 Qxa4 16. Nxa4 O-O 17. Bb3 Bb7 18. Nc5 Nxc5 19. Rxc5 Rae8 20. Rxe5 g6 21.
Rd1 Rd8 22. Rxd8 Rxd8 23. Re7 Bc8 24. Rxc7 Be6 25. Kf1 Bxb3 26. axb3 Rb8 27.
Rxc6 Rxb3 28. Ra6 Rxb2 29. Rxa7 Rb4 30. Ra8+ Kg7 31. e5 g5 32. h3 Re4 33. Re8
Ra4 34. g4 Ra3 35. Kg2 Ra4 36. Nd2 Rb4 37. Kg3 Rd4 38. Nf1 Kg6 39. Ne3 Rd3 40.
e6 fxe6 41. Rxe6+ Kh7 42. Kg2 h5 43. gxh5 Rd4 44. Rg6 Rf4 45. Ng4 Kh8 46. Nf6
Rg4+ 47. Nxg4 1-0

[Event "?"]
[Site "?"]
[Date "2011.08.12"]
[Round "1.31"]
[White "Braun, Oskar"]
[Black "Knütter, Helmut"]
[Result "1/2-1/2"]
[WhiteElo "1738"]
[BlackElo "1592"]
[PlyCount "117"]
[EventDate "2011.??.??"]
[WhiteTeam "SV Wesel 1928 e.V."]
[BlackTeam "SK Sülz-Klettenberg"]

1. d4 Nf6 2. c4 e6 3. Nc3 Bb4 4. Qc2 O-O 5. a3 Bxc3+ 6. Qxc3 Ne4 7. Qc2 f5 8.
Nh3 b6 9. f3 Nf6 10. e3 Bb7 11. Bd3 Qe8 12. O-O d6 13. Bd2 Nbd7 14. Rae1 Kh8
15. Nf2 Qg6 16. e4 fxe4 17. Nxe4 Nxe4 18. Rxe4 Bxe4 19. Bxe4 Qf6 20. Bc3 Rad8
21. Bxh7 Qh6 22. Bd3 e5 23. Bd2 Qh4 24. f4 Rf6 25. Be1 Qh5 26. Be2 Qf5 27. Qd2
Rdf8 28. Bh4 exf4 29. Bd3 Qg4 30. Bxf6 Rxf6 31. Rf3 a5 32. Qe2 Kg8 33. Qe4 Nf8
34. c5 dxc5 35. dxc5 Qd7 36. Bc4+ Ne6 37. Bb3 bxc5 38. Rxf4 Kf7 39. Rxf6+ Kxf6
40. Bxe6 Qxe6 41. Qxe6+ Kxe6 42. Kf2 Kd5 43. Ke3 Kc4 44. Kd2 Kb3 45. Kc1 c4 46.
h4 c3 47. bxc3 Kxc3 48. h5 Kd4 49. Kc2 Ke4 50. Kc3 Kd5 51. g4 Ke5 52. g5 Kf5
53. h6 gxh6 54. gxh6 Kg6 55. Kb3 Kxh6 56. Ka4 Kg6 57. Kxa5 Kf6 58. Kb5 Ke7 59.
Kc6 1/2-1/2

[Event "?"]
[Site "?"]
[Date "2011.08.12"]
[Round "1.32"]
[White "Busse, Alexander"]
[Black "Margenberg, Volker"]
[Result "0-1"]
[WhiteElo "1578"]
[BlackElo "1713"]
[PlyCount "116"]
[EventDate "2011.??.??"]
[WhiteTeam "Brühler SK 1920 e.V."]
[BlackTeam "SV Wiehl 1923 e.V."]

1. f4 d5 2. Nf3 Nf6 3. c4 e6 4. d4 Nc6 5. e3 b6 6. cxd5 exd5 7. Bb5 Bd7 8. Qa4
Nb4 9. O-O c6 10. Be2 b5 11. Qb3 Bf5 12. Bd2 Nc2 13. Nc3 Nxa1 14. Rxa1 a6 15.
Ne5 Rc8 16. g4 Ne4 17. Nxe4 Bxe4 18. a4 f6 19. Nd3 Bxd3 20. Qxd3 Bd6 21. b4 O-O
22. a5 Qe7 23. Rb1 Rfe8 24. Kf2 g5 25. Bf3 Qg7 26. Rg1 Qh6 27. Qf5 gxf4 28.
exf4 Qh4+ 29. Kg2 Bb8 30. Be1 Qh6 31. h4 Qxf4 32. Qxf4 Bxf4 33. g5 fxg5 34.
hxg5 Bxg5 35. Kf2 h6 36. Bd2 Kh7 37. Bxg5 hxg5 38. Rxg5 Rf8 39. Rh5+ Kg6 40.
Rh1 Rc7 41. Kg3 Rh7 42. Rc1 Rf6 43. Bg4 Re7 44. Bc8 Re3+ 45. Kg2 Rb3 46. Bxa6
Rxb4 47. Bb7 Rb2+ 48. Kg1 Ra2 49. Bxc6 Rxa5 50. Bxd5 b4 51. Be4+ Kf7 52. Rc7+
Kf8 53. Rc8+ Ke7 54. Rc7+ Kd8 55. Rc1 Rg5+ 56. Bg2 Rfg6 57. Rc2 Rxg2+ 58. Rxg2
Rxg2+ 0-1

[Event "?"]
[Site "?"]
[Date "2011.08.12"]
[Round "1.34"]
[White "Kirste, Ansgar"]
[Black "Milde, Mathias"]
[Result "0-1"]
[WhiteElo "1573"]
[BlackElo "1711"]
[PlyCount "78"]
[EventDate "2011.??.??"]
[WhiteTeam "SV Erftstadt e.V."]
[BlackTeam "SV Wiehl 1923 e.V."]

1. d4 Nf6 2. c4 e6 3. Nc3 Bb4 4. Bg5 h6 5. Bh4 a5 6. a3 Bxc3+ 7. bxc3 c6 8. e3
d5 9. Nf3 Nbd7 10. cxd5 exd5 11. Bd3 O-O 12. O-O Qe8 13. Qc2 b5 14. Bg3 Qe7 15.
Rfe1 Ne4 16. Nd2 f5 17. Bxe4 fxe4 18. f3 exf3 19. gxf3 Nf6 20. e4 dxe4 21. fxe4
Be6 22. Qd3 Qb7 23. e5 Nd5 24. c4 Bf5 25. Qe2 bxc4 26. Qxc4 Kh8 27. Ne4 Bxe4
28. Rxe4 Qb2 29. Ra2 Qc3 30. Qe2 Rae8 31. Qc2 Rf3 32. Qxc3 Nxc3 33. Rc2 Nxe4
34. Rxc6 Nxg3 35. hxg3 Rxg3+ 36. Kf2 Rxa3 37. Ke2 Kg8 38. e6 Kf8 39. Rd6 Ke7
0-1

[Event "?"]
[Site "?"]
[Date "2011.08.12"]
[Round "1.35"]
[White "Rahmen, Christian"]
[Black "Klein, Markus"]
[Result "1-0"]
[WhiteElo "1572"]
[BlackElo "1303"]
[PlyCount "59"]
[EventDate "2011.??.??"]
[WhiteTeam "SG Porz e.V."]
[BlackTeam "SK Sülz-Klettenberg"]

1. d4 d5 2. e4 dxe4 3. Nc3 Nc6 4. Bb5 Bd7 5. f3 exf3 6. Nxf3 e6 7. O-O Be7 8.
Qe1 Bf6 9. Qf2 Nge7 10. Ne4 Nf5 11. c3 O-O 12. g4 Nd6 13. Nxf6+ Qxf6 14. g5 Qf5
15. Ba4 b5 16. Bc2 Qg4+ 17. Kh1 Ne7 18. Ne5 Bc6+ 19. Nxc6 Nxc6 20. Bd1 Qe4+ 21.
Bf3 Qd3 22. Bxc6 Rab8 23. Bf4 Nf5 24. Rad1 Qc4 25. Be4 Ne7 26. Rd3 Qxa2 27.
Bxh7+ Kh8 28. Rh3 Qa6 29. Qh4 f5 30. Bg6+ 1-0

[Event "?"]
[Site "?"]
[Date "2011.08.12"]
[Round "1.36"]
[White "Kaiser, Anton"]
[Black "Hiendl, Robert"]
[Result "0-1"]
[WhiteElo "1217"]
[BlackElo "1568"]
[PlyCount "62"]
[EventDate "2011.??.??"]
[WhiteTeam "SV 1925 Hürth-Berrenra"]
[BlackTeam "SF Lohmar 1974 e.V."]

1. e4 c5 2. Nf3 d6 3. d4 cxd4 4. Nxd4 Nf6 5. Nc3 g6 6. b3 Bg7 7. Bb2 O-O 8. Bd3
Nc6 9. Nf3 Bd7 10. O-O Rc8 11. Rc1 Nb4 12. a3 Nxd3 13. cxd3 Qb6 14. b4 a5 15.
Nd5 Nxd5 16. Bxg7 Kxg7 17. exd5 Rxc1 18. Qxc1 axb4 19. Qb2+ f6 20. axb4 Rc8 21.
Nd4 Kf7 22. Kh1 Qa6 23. b5 Qb6 24. f4 Rc5 25. Re1 Rxd5 26. Qe2 e5 27. Nf3 Qxb5
28. Nh4 Qxd3 29. Qf2 Qd2 30. Qf1 Bb5 31. Qg1 Qd4 0-1

[Event "?"]
[Site "?"]
[Date "2011.08.12"]
[Round "1.37"]
[White "Karwatzki, Hans-Jürgen"]
[Black "Halle, Julia"]
[Result "1-0"]
[WhiteElo "1561"]
[BlackElo "1206"]
[PlyCount "65"]
[EventDate "2011.??.??"]
[WhiteTeam "Vereinigung der Schachsportfreun"]
[BlackTeam "SG Burgtonna"]

1. e4 d6 2. d4 g6 3. f4 Bg7 4. Be3 Nd7 5. Bc4 c5 6. c3 cxd4 7. cxd4 Ngf6 8. Nc3
a6 9. Nf3 O-O 10. f5 Kh8 11. O-O Rb8 12. Qe1 b5 13. Bd3 Bb7 14. Ng5 Ng4 15. Qh4
Nh6 16. fxg6 fxg6 17. Ne6 Rxf1+ 18. Rxf1 Qg8 19. Nxg7 Qxg7 20. Qxh6 Qxh6 21.
Bxh6 Nf6 22. d5 Kg8 23. Be3 Ng4 24. Bd4 Re8 25. h3 e5 26. dxe6 Ne5 27. Bxe5
dxe5 28. Rf7 Bc6 29. Ra7 Rxe6 30. Rxa6 b4 31. Nd5 Kf7 32. Nxb4 Bd7 33. Bc4 1-0

[Event "?"]
[Site "?"]
[Date "2011.08.12"]
[Round "1.38"]
[White "Schwibbert, Jonas"]
[Black "Sherif, Amina"]
[Result "0-1"]
[WhiteElo "1163"]
[BlackElo "1559"]
[PlyCount "60"]
[EventDate "2011.??.??"]
[WhiteTeam "SV 1925 Hürth-Berrenra"]
[BlackTeam "SG Solingen e.V."]

1. d4 d5 2. c4 c6 3. Nc3 Nf6 4. Bg5 Qa5 5. Bxf6 exf6 6. a3 dxc4 7. e3 Be6 8.
Nf3 Na6 9. Nd2 b5 10. g3 Be7 11. Bg2 Rc8 12. e4 O-O 13. f4 Rfe8 14. O-O Qb6 15.
Nf3 Rcd8 16. f5 Bc8 17. Ne2 Nc5 18. Qc2 Nb7 19. a4 Na5 20. axb5 cxb5 21. Kh1
Bb7 22. Rad1 Bd6 23. d5 Qe3 24. Nc3 b4 25. Rfe1 Qc5 26. Na4 Qb5 27. Nd4 Qd7 28.
b3 cxb3 29. Nxb3 Qxa4 30. Ra1 Qxb3 0-1

[Event "?"]
[Site "?"]
[Date "2011.08.12"]
[Round "1.39"]
[White "Kronseder, Michael"]
[Black "Schröter, Heinz-Jürgen"]
[Result "0-1"]
[WhiteElo "1552"]
[BlackElo "1156"]
[PlyCount "106"]
[EventDate "2011.??.??"]
[WhiteTeam "SV 1925 Hürth-Berrenra"]
[BlackTeam "SV Horrem 1948"]

1. d4 d5 2. Nf3 Nc6 3. c4 Nf6 4. cxd5 Nxd5 5. Nc3 f6 6. e4 Nxc3 7. bxc3 e5 8.
d5 Na5 9. Qa4+ c6 10. c4 Bd7 11. Bd2 b6 12. Bxa5 cxd5 13. Qd1 bxa5 14. cxd5
Bb4+ 15. Nd2 O-O 16. Bd3 a6 17. O-O Bb5 18. Qe2 Qd7 19. Rfc1 Bxd2 20. Qxd2 f5
21. f3 Qa7+ 22. Kh1 Qd4 23. Rd1 fxe4 24. Bxb5 Qxd2 25. Rxd2 axb5 26. fxe4 Rf4
27. Re1 Kf7 28. Kg1 Rc8 29. Rf2 Rxf2 30. Kxf2 Ke7 31. Ke3 Rc3+ 32. Kd2 Ra3 33.
Ra1 b4 34. Kc2 Re3 35. Rd1 Kd6 36. Rf1 Rxe4 37. Kb3 Rd4 38. Rf7 Rd3+ 39. Ka4
Ra3+ 40. Kb5 Rxa2 41. Rxg7 b3 42. Kc4 b2 43. Rb7 Ra4+ 44. Kc3 Rb4 45. Rxb4
axb4+ 46. Kxb2 Kxd5 47. g4 e4 48. g5 Kd4 49. h4 e3 50. Kc1 b3 51. h5 b2+ 52.
Kxb2 e2 53. g6 e1=Q 0-1

[Event "?"]
[Site "?"]
[Date "2011.08.12"]
[Round "1.40"]
[White "Winterberg, Johanna"]
[Black "Fieberg, Samuel"]
[Result "0-1"]
[WhiteElo "1130"]
[BlackElo "1530"]
[PlyCount "76"]
[EventDate "2011.??.??"]
[WhiteTeam "SG Burgtonna"]
[BlackTeam "SG Porz e.V."]

1. e4 e5 2. Nf3 Nc6 3. Bc4 Bc5 4. c3 Nf6 5. d4 exd4 6. e5 d5 7. exd6 Qxd6 8. b4
Bb6 9. Ba3 Qe7+ 10. Qe2 Qxe2+ 11. Bxe2 dxc3 12. Nxc3 Bd7 13. O-O O-O-O 14. Ng5
Ne5 15. Kh1 h6 16. f4 Neg4 17. Nxf7 Nf2+ 18. Rxf2 Bxf2 19. Nxh8 Rxh8 20. Rf1
Bb6 21. Bf3 Ng4 22. h3 Ne3 23. Rc1 Nc4 24. Nb1 Bb5 25. Bg4+ Kb8 26. Rc3 Re8 27.
Bc1 c6 28. a4 Ba6 29. Bh5 Re1+ 30. Kh2 Bd4 31. Rc2 Be3 32. Bxe3 Nxe3 33. Rb2
Nf1+ 34. Kg1 Nd2+ 35. Kf2 Rf1+ 36. Ke3 Nc4+ 37. Kd4 Nxb2 38. Nc3 Rxf4+ 0-1

[Event "?"]
[Site "?"]
[Date "2011.08.12"]
[Round "1.41"]
[White "Sewald, Jörg"]
[Black "Mertens, Yannick"]
[Result "1-0"]
[WhiteElo "1525"]
[BlackElo "1070"]
[PlyCount "77"]
[EventDate "2011.??.??"]
[WhiteTeam "SF Esch e.V."]
[BlackTeam "SF 1974 Heinsberg e.V"]

1. Nf3 g6 2. e4 Bg7 3. d3 e6 4. g3 Ne7 5. Bg2 O-O 6. O-O b6 7. Nbd2 Bb7 8. e5
Nbc6 9. d4 d5 10. c3 Rc8 11. h4 Nf5 12. Ng5 h6 13. Nh3 Re8 14. Nf3 Qe7 15. Nh2
Qd8 16. Bf4 f6 17. exf6 Qxf6 18. Qd2 Na5 19. Ng4 Qf8 20. Ne5 Bxe5 21. dxe5 Nc4
22. Qc1 Ba6 23. Re1 c5 24. Bf1 d4 25. b3 Nxe5 26. Bxe5 Bxf1 27. Rxf1 Rcd8 28.
Nf4 Ne7 29. Nxe6 Qf5 30. Nxd8 Qxe5 31. Re1 Qd6 32. Ne6 Nf5 33. Nf4 Rxe1+ 34.
Qxe1 dxc3 35. Qxc3 Nd4 36. Re1 g5 37. Qc4+ Kf8 38. Ne6+ Nxe6 39. Qxe6 1-0

[Event "?"]
[Site "?"]
[Date "2011.08.12"]
[Round "1.42"]
[White "Wilde, Christian"]
[Black "Sloka, Andreas"]
[Result "1/2-1/2"]
[WhiteElo "1007"]
[BlackElo "1523"]
[PlyCount "73"]
[EventDate "2011.??.??"]
[WhiteTeam "SF Köln-Longerich 195"]
[BlackTeam "Krefelder SK Turm 1851 e"]

1. d4 Nf6 2. c4 e6 3. a3 c5 4. d5 b5 5. e3 bxc4 6. Bxc4 Bb7 7. Nc3 Qb6 8. Na4
Qc7 9. Nc3 a6 10. f4 Be7 11. Nf3 O-O 12. O-O exd5 13. Nxd5 Nxd5 14. Bxd5 Bxd5
15. Qxd5 Nc6 16. Qe4 Rfe8 17. Qd3 h6 18. e4 d6 19. Re1 Bf6 20. Rb1 a5 21. b3
Re7 22. Bb2 Bxb2 23. Rxb2 Rae8 24. Rbe2 Qb8 25. Qd5 Qc7 26. e5 dxe5 27. Nxe5
Nxe5 28. Rxe5 Rxe5 29. Rxe5 Rxe5 30. fxe5 Qb6 31. Qc4 Kf8 32. Kf1 h5 33. h4 Ke8
34. Ke2 Kf8 35. g3 Kg8 36. Qd5 a4 37. Qa8+ 1/2-1/2

[Event "?"]
[Site "?"]
[Date "2011.08.12"]
[Round "1.43"]
[White "Schröter, Ron"]
[Black "Statz, Samuel"]
[Result "1-0"]
[WhiteElo "1479"]
[BlackElo "995"]
[PlyCount "51"]
[EventDate "2011.??.??"]
[WhiteTeam "SG Porz e.V."]
[BlackTeam "SV Erftstadt e.V."]

1. e4 e5 2. Nf3 Nc6 3. d4 exd4 4. Nxd4 Nf6 5. Nxc6 bxc6 6. e5 Ne4 7. Qf3 Ng5 8.
Qh5 h6 9. Bd3 d6 10. Nc3 d5 11. O-O Be7 12. f4 g6 13. Bxg6 fxg6 14. Qxg6+ Nf7
15. e6 Rf8 16. exf7+ Rxf7 17. f5 Bg5 18. Bxg5 Qxg5 19. Qxc6+ Ke7 20. Rae1+ Kf8
21. Re8+ Kg7 22. Qxa8 Ba6 23. Rg8+ Kf6 24. Qd8+ Ke5 25. Qxd5+ Kf6 26. Qe6# 1-0

[Event "?"]
[Site "?"]
[Date "2011.08.12"]
[Round "1.44"]
[White "Halle, Matthias"]
[Black "Masalsky, Boris"]
[Result "0-1"]
[WhiteElo "960"]
[BlackElo "1477"]
[PlyCount "76"]
[EventDate "2011.??.??"]
[WhiteTeam "SG Burgtonna"]
[BlackTeam "LSV Turm Lippstadt"]

1. e4 c5 2. Nf3 Nc6 3. Bc4 d6 4. d4 cxd4 5. Nxd4 g6 6. Be3 Bg7 7. c3 Nf6 8. f3
O-O 9. O-O Bd7 10. Qd2 Ne5 11. Bb3 a6 12. Bh6 Rc8 13. Na3 Qb6 14. Be3 Qd8 15.
Bh6 Nc6 16. Nac2 Na5 17. Bxg7 Nxb3 18. Nxb3 Kxg7 19. Ne3 Kg8 20. Nd4 Qb6 21.
Kh1 Rfd8 22. b4 Ba4 23. Ng4 Nxg4 24. fxg4 Qc7 25. Rac1 Qd7 26. h3 Rc4 27. Qf4
e5 28. Qh6 exd4 29. cxd4 Rxd4 30. Rf4 Qe8 31. Rcf1 Rd7 32. h4 Qf8 33. Qg5 Bb5
34. R1f2 h6 35. Qf6 Qg7 36. Qxg7+ Kxg7 37. h5 g5 38. Rf5 Rxe4 0-1

[Event "?"]
[Site "?"]
[Date "2011.08.12"]
[Round "1.45"]
[White "Mischke, Daniel"]
[Black "Hingst, Dieter Max Otto"]
[Result "1-0"]
[WhiteElo "1471"]
[BlackElo "942"]
[PlyCount "46"]
[EventDate "2011.??.??"]
[WhiteTeam "Sportgemeinschaft Kaarst 1912/35"]
[BlackTeam "Brühler SK 1920 e.V."]

1. d4 d5 2. c4 dxc4 3. Nf3 b5 4. e3 Nf6 5. a4 Bd7 6. axb5 Bxb5 7. b3 e6 8. bxc4
Bb4+ 9. Bd2 Bxd2+ 10. Nbxd2 Ba6 11. g3 c6 12. Bg2 Bb7 13. O-O Nbd7 14. e4 Qc7
15. e5 Ng8 16. Ne4 Kf8 17. Nd6 f6 18. Bh3 c5 19. Nxb7 Qxb7 20. Bxe6 fxe5 21.
Bd5 Qb8 22. Bxa8 Qxa8 23. dxe5 Nxe5 1-0

[Event "?"]
[Site "?"]
[Date "2011.08.12"]
[Round "1.46"]
[White "Sherif, Malik"]
[Black "Kenen, Albert"]
[Result "1-0"]
[WhiteElo "896"]
[BlackElo "1452"]
[PlyCount "87"]
[EventDate "2011.??.??"]
[WhiteTeam "SG Solingen e.V."]
[BlackTeam "SF Köln-Longerich 195"]

1. Nf3 d6 2. g3 g6 3. Bg2 Bg7 4. O-O Nf6 5. Nc3 Nc6 6. d3 b6 7. Bd2 Bb7 8. e4
e5 9. Qe2 O-O 10. Rfe1 a6 11. Rad1 Qd7 12. Be3 Rac8 13. a3 Ng4 14. h3 Nxe3 15.
Qxe3 Ne7 16. d4 exd4 17. Nxd4 c5 18. Nf3 Qc7 19. Re2 Rfe8 20. Red2 Rcd8 21. Rb1
Nc8 22. Nd5 Bxd5 23. Rxd5 Ne7 24. Rdd1 Nf5 25. Qd3 Nd4 26. c3 Nxf3+ 27. Bxf3 c4
28. Qd2 b5 29. b4 Be5 30. Rbc1 Kg7 31. Qd5 Qd7 32. Bg4 f5 33. exf5 gxf5 34. Bf3
Kf6 35. Qd2 Qg7 36. Bc6 Re7 37. Kg2 f4 38. g4 h5 39. f3 hxg4 40. hxg4 Rc7 41.
Be4 Rh8 42. Rh1 Rxh1 43. Rxh1 Rc8 44. Rh7 1-0

[Event "?"]
[Site "?"]
[Date "2011.08.12"]
[Round "1.47"]
[White "Hiendl, David"]
[Black "Sewald, Kathrin"]
[Result "1-0"]
[WhiteElo "1442"]
[BlackElo "847"]
[PlyCount "43"]
[EventDate "2011.??.??"]
[WhiteTeam "SF Lohmar 1974 e.V."]
[BlackTeam "SG Porz e.V."]

1. e4 e5 2. Nf3 Nc6 3. Bc4 Nd4 4. c3 Nxf3+ 5. Qxf3 Nf6 6. d4 d6 7. O-O Bg4 8.
Qg3 Qc8 9. dxe5 Nxe4 10. Qf4 Qf5 11. f3 Qxf4 12. Bxf4 dxe5 13. Bxe5 f6 14. Bf4
Bc5+ 15. Kh1 Nf2+ 16. Rxf2 Bxf2 17. fxg4 O-O-O 18. Na3 Rhe8 19. Nb5 Re1+ 20.
Rxe1 Bxe1 21. Bxc7 Rd1 22. Be6+ 1-0

[Event "?"]
[Site "?"]
[Date "2011.08.13"]
[Round "2.1"]
[White "Heinert, Eugen"]
[Black "Vaerst, Joachim"]
[Result "1-0"]
[WhiteElo "2107"]
[BlackElo "1954"]
[PlyCount "53"]
[EventDate "2011.??.??"]
[WhiteTeam "OSC Rheinhausen 04 e.V."]
[BlackTeam "SV Erftstadt e.V."]

1. d4 d5 2. Nf3 e6 3. c4 c6 4. g3 f5 5. Bg2 Nf6 6. O-O Bd6 7. Qc2 Nbd7 8. b3
O-O 9. Bf4 Bxf4 10. gxf4 Ne4 11. Nbd2 Qe8 12. Ne1 Qh5 13. Ndf3 Rf6 14. b4 Rh6
15. c5 Ndf6 16. Qc1 Bd7 17. Nd3 Kh8 18. Nde5 Rg8 19. h3 Be8 20. Ng5 Ng4 21.
Nef3 Rg6 22. hxg4 fxg4 23. Ne5 Rh6 24. Nxg4 Nxg5 25. fxg5 Qxg4 26. f3 Qxd4+ 27.
e3 1-0

[Event "?"]
[Site "?"]
[Date "2011.08.13"]
[Round "2.2"]
[White "Schmidt, Kai-Uwe"]
[Black "Bub, Volker"]
[Result "0-1"]
[WhiteElo "1927"]
[BlackElo "2100"]
[PlyCount "82"]
[EventDate "2011.??.??"]
[WhiteTeam "Klub Kölner SF e.V. 1"]
[BlackTeam "SC Tornado 86 Hochneukirch"]

1. d4 g6 2. c4 Bg7 3. Nf3 d6 4. e4 Nf6 5. Nc3 O-O 6. Be2 Nbd7 7. O-O e5 8. Be3
Ng4 9. Bg5 f6 10. Bc1 Nh6 11. dxe5 dxe5 12. Qd5+ Nf7 13. c5 c6 14. Qc4 Qe7 15.
Be3 Re8 16. b4 Nf8 17. b5 Be6 18. Qa4 Rec8 19. bxc6 bxc6 20. Ba6 Rc7 21. Qa5 f5
22. exf5 gxf5 23. Rfe1 f4 24. Bd2 Bg4 25. Be2 Ne6 26. Ne4 Rd8 27. Bc3 Bf5 28.
Nfd2 Rcd7 29. Bc4 Kh8 30. Nd6 Nxd6 31. cxd6 Qxd6 32. Rxe5 Nd4 33. Ree1 Qg6 34.
Rad1 Bg4 35. Bxd4 Bxd4 36. Ne4 Bf3 37. g3 Bxd1 38. Ng5 fxg3 39. hxg3 Bf3 40.
Nf7+ Kg7 41. Nxd8 Qxg3+ 0-1

[Event "?"]
[Site "?"]
[Date "2011.08.13"]
[Round "2.3"]
[White "Schmidt, Johannes"]
[Black "Spradley, Julian"]
[Result "1-0"]
[WhiteElo "2100"]
[BlackElo "1918"]
[PlyCount "51"]
[EventDate "2011.??.??"]
[WhiteTeam "SC Turm Illingen"]
[BlackTeam "SV Erftstadt e.V."]

1. c4 c6 2. Nf3 d5 3. b3 Bf5 4. g3 e6 5. Bb2 Nf6 6. Bg2 Nbd7 7. O-O Bd6 8. Nc3
O-O 9. d3 e5 10. cxd5 cxd5 11. Nb5 Qb6 12. Nxd6 Qxd6 13. e4 Be6 14. Qe2 dxe4
15. dxe4 Bg4 16. h3 Bxf3 17. Bxf3 Rfc8 18. Rac1 Qb6 19. Bg2 Nc5 20. Rcd1 Qe6
21. f4 Nfd7 22. Rd2 f6 23. Rfd1 Rc7 24. Rd6 Qe8 25. Qc4+ Kh8 26. b4 1-0

[Event "?"]
[Site "?"]
[Date "2011.08.13"]
[Round "2.4"]
[White "Budszuhn, Timo"]
[Black "Evers, Leo"]
[Result "1/2-1/2"]
[WhiteElo "1886"]
[BlackElo "2039"]
[PlyCount "82"]
[EventDate "2011.??.??"]
[WhiteTeam "SG Bochum 1931"]
[BlackTeam "SG Porz e.V."]

1. e4 c5 2. Nf3 Nc6 3. d4 cxd4 4. Nxd4 Nf6 5. Nc3 e5 6. Ndb5 d6 7. Bg5 a6 8.
Na3 b5 9. Nd5 Be7 10. Bxf6 Bxf6 11. c4 b4 12. Nc2 O-O 13. g3 Be6 14. Bg2 Rb8
15. O-O Bxd5 16. Qxd5 Ne7 17. Qd3 Qb6 18. b3 g6 19. Rfd1 Rbd8 20. a3 bxa3 21.
Rxa3 Nc6 22. Rda1 Ra8 23. Ne3 Nb4 24. Nd5 Nxd5 25. Qxd5 Rfb8 26. Kh1 Kg7 27.
R1a2 Bd8 28. f4 Qe3 29. Ra1 Qc3 30. Qxd6 Rxb3 31. Rxa6 Rxa6 32. Qxa6 Qc2 33. c5
Rb2 34. Qf1 Qxc5 35. Rc1 Qb6 36. Qd3 Qf2 37. Qf1 exf4 38. gxf4 Qh4 39. Qd3 Qf2
40. Qg3 Qd2 41. Rf1 Bh4 1/2-1/2